Η διαμεσολάβηση ως μέσο εναλλακτικής επίλυσης διαφορών : κατ' άρθρο ανάλυση και ερμηνεία του Ν. 3898/2010
Αποθηκεύτηκε σε:
| Κύριος συγγραφέας: | |
|---|---|
| Άλλοι συγγραφείς: | |
| Μορφή: | Βιβλίο |
| Γλώσσα: | Greek |
| Δημοσίευση: |
Αθήνα :
Νομική Βιβλιοθήκη,
c2015.
|
| Θέματα: | |
| Ετικέτες: |
Προσθήκη ετικέτας
Δεν υπάρχουν, Καταχωρήστε ετικέτα πρώτοι!
|
MARC
| LEADER | 00000cam a2200000 a 4500 | ||
|---|---|---|---|
| 001 | 1/109421 | ||
| 008 | 151127t2015####gr | ||| |||||||gre|| | ||
| 020 | |a 9789605624576 |q (χαρτόδετο) | ||
| 040 | |a GR-MyUa |b gre |c GR-MyUa |e AACR2 | ||
| 041 | 0 | |a gre | |
| 082 | 7 | |a 346.495 |2 (23) | |
| 100 | 1 | |a Θεοχάρης, Δημήτριος, |e aut | |
| 245 | 1 | 2 | |a Η διαμεσολάβηση ως μέσο εναλλακτικής επίλυσης διαφορών : |b κατ' άρθρο ανάλυση και ερμηνεία του Ν. 3898/2010 / |c Δημήτρης Θεοχάρης ; πρόλογος Αντώνιος Καραμπατζός. |
| 260 | |a Αθήνα : |b Νομική Βιβλιοθήκη, |c c2015. | ||
| 300 | |a xviii, 436 σ. : |c 24 εκ. | ||
| 500 | |a Επισκόπηση των μέσω εναλλακτικής επίλυσης διαφορών - Περιγραφή και ανάλυση του θεσμού όπως ισχύει διεθνώς | ||
| 504 | |a Βιβλιογραφία: σ. 391-436. | ||
| 650 | 0 | |a Civil law |z Greece. | |
| 650 | 0 | |a Mediation. | |
| 700 | 1 | |a Καραμπατζός, Αντώνιος Γ. |e aui | |
| 852 | |a INST |b CHIOS |e 20151127 |h 346.495 ΘΕΟ |p 005200037313 |q 005200037313 |t BK |y 0 | ||
| 970 | |a Σπέντζα |b Ελένη |z 27-11-2015 | ||